Automatic control of power systems and electric equipment. (Record no. 753236)

MARC details
000 -LEADER
fixed length control field 00812nam a2200253Ia 4500
003 - CONTROL NUMBER IDENTIFIER
control field OSt
005 - DATE AND TIME OF LATEST TRANSACTION
control field 20220928114154.0
008 - FIXED-LENGTH DATA ELEMENTS--GENERAL INFORMATION
fixed length control field 220927b |||||||| |||| 00| 0 eng d
037 ## - SOURCE OF ACQUISITION
Terms of availability Textual
040 ## - CATALOGING SOURCE
Original cataloging agency SDCL
Transcribing agency SDCL
Language of cataloging eng
041 ## - LANGUAGE CODE
Source of code eng
Language code of text/sound track or separate title eng
100 ## - MAIN ENTRY--PERSONAL NAME
Personal name Ambrosovich V D Ed.
9 (RLIN) 437282
245 #0 - TITLE STATEMENT
Title Automatic control of power systems and electric equipment.
260 ## - PUBLICATION, DISTRIBUTION, ETC.
Place of publication, distribution, etc. Jerusalem
Name of publisher, distributor, etc. Israel Program For Scientific Translations
Date of publication, distribution, etc. 1971
300 ## - PHYSICAL DESCRIPTION
Extent viii,287p
Dimensions cm.
490 ## - SERIES STATEMENT
Series statement Academy of sciences of the USSR Institute of electromachanics.
650 ## - SUBJECT ADDED ENTRY--TOPICAL TERM
Topical term or geographic name entry element Automatic Control-Electrical Circuits
9 (RLIN) 437283
942 ## - ADDED ENTRY ELEMENTS (KOHA)
Classification part D661,8:45, L1
Koha item type Textual
Source of classification or shelving scheme Colon Classification (CC)
Holdings
Withdrawn status Lost status Damaged status Not for loan Home library Current library Date acquired Total Checkouts Full call number Barcode Date last seen Price effective from Koha item type
        South Campus Library South Campus Library 2022-09-28   D661,8:45 L1 SC0848118 2022-09-28 2022-09-28 Textual
Copyright @ Delhi University Library System